Представление документа в формате MARC21

Поле Инд. ПП Название Значение
Тип записи a
Библиографический уровень b
001 Контрольный номер RU/IS/BASE/125594745
005 Дата корректировки 20200522190817.3
084 a Индекс другой классификации/Индекс ББК 65.9(2Рос); 65.30(2Рос)
100 1_ a Автор Рикошинский А.
q Полное имя Рикошинский Александр
245 a Заглавие Промышленность России
504 a Библиография Библиогр. сноски
520 a Аннотация Объемы и динамика производства по отраслям в первом полугодии 2003 года в сравнении с прошлогодними показателями (по материалам Минэкономразвития и Госкомстата России)
650 a Основная рубрика экономика
a Основная рубрика экономика промышленности
653 a Ключевые слова деревообрабатывающая промышленность
a Ключевые слова динамика промышленного производства
a Ключевые слова добыча нефти
a Ключевые слова добыча природного газа
a Ключевые слова добыча угля
a Ключевые слова легкая промышленность
a Ключевые слова лесная промышленность
a Ключевые слова машиностроение
a Ключевые слова металлообработка
a Ключевые слова металлургическая промышленность
a Ключевые слова нефтедобывающая промышленность
a Ключевые слова нефтехимическая промышленность
a Ключевые слова оборонно-промышленный комплекс (ОПК)
a Ключевые слова объем промышленного производства
a Ключевые слова отрасли промышленности
a Ключевые слова переработка нефти (нефтепереработка)
a Ключевые слова производство энергии
a Ключевые слова промышленное производство
a Ключевые слова промышленность
a Ключевые слова Россия
a Ключевые слова рост производства
a Ключевые слова социально-экономическое развитие
a Ключевые слова спад производства
a Ключевые слова сравнительный экономический анализ
a Ключевые слова топливно-энергетический комплекс (ТЭК)
a Ключевые слова химическая промышленность
a Ключевые слова цветная металлургия
a Ключевые слова целлюлозно-бумажная промышленность
a Ключевые слова черная металлургия
773 t Заглавие источника РИСК: ресурсы, информация, снабжение, конкуренция
d Дата издания источника 2003
g Прочая информация № 3. - С. 54 - 64 : граф.
w Контрольный № источника RU/IS/BASE/121272722
901 t Тип документа b